00520cam a22002171 4500001001300000003000400013005001700017008004100034010001700075035002000092040001800112042001200130050001600142245002000158260001000178300001900188500001600207650002800223700003400251999001700285sa 66002215 DLC20260227112227.0890801s1965 ii 000 1 kano  asa 66002215  a(OCoLC)20110020 aDLCcWaUdDLC apremarc00aPL4658b.H600aHosa kṣitija. c1965. a298 p.c19 cm. aIn Kannada. 0aShort stories, Kannada.2 aVenkatesh Iyer, Kolar,d1898- c68222d68222